"Jeopardy!" "Before & After" Category Clues #1 - Statistics

General Stats
  • This quiz has been taken 315 times
  • The average score is 7 of 25
Answer Stats
Hint Answer % Correct
Mouselike boy in an E.B. White story traveling through the heavens as Ursa Minor Stuart Little Dipper
66%
The group assigned to protect the president proceeds through this door meant for delivery people & other help Secret Service Entrance
63%
Middle Eastern entertainment with rapid gyrations of the hips that's a reality TV show judged by Len Bruno & Carrie Ann Belly Dancing With The Stars
62%
A landmark Louisiana area featuring Bourbon Street gets a classic burger from McDonald's French Quarter Pounder
55%
Period of rest in Genesis where working parents leave toddlers Seventh Day Care Center
54%
NYC nickname that refers to the most special person ever Big Apple of my Eye
51%
A French landmark becomes a Biblical spot where language comprehension breaks down Eiffel Tower of Babel
51%
Cabinet department established in 2002 that becomes a bedding item carried by a kid for reassurance Department of Homeland Security Blanket
37%
American daisy with dark center that was a leading U.S. suffragette Black-eyed Susan B. Anthony
28%
Laughing Green Giant exclamation to the first president of Vietnam Ho Ho Ho Chi Minh
24%
Top U.N. official designed to cause loss of consciousness & of sensation in your whole body Secretary-General Anesthesia
23%
An Asia-set musical merges with an Isaac Asimov tale known for its 3 laws The King and I, Robot
23%
Woody Guthrie's American anthem salutes a Minnesota butter & cheese supplier This Land is My Land O'Lakes
21%
The oldest pro baseball association merges with Woodrow Wilson's pet project National League of Nations
20%
A New Jersey governor tries a modeling career & marries Billy Joel (for a while) Chris Christie Brinkley
19%
The atom bomb partner of Little Boy become a fabric-related term for a clergyman Fat Man of the Cloth
19%
Founding father Patrick Henry's choice quote leads into the 1949 Tony-winning Best Play Give Me Liberty or Give Me Death of a Salesman
18%
A 1940 way to say carrying a gun becomes carrying a measurement of temperature & humidity Packing Heat Index
17%
Margaret Mitchell's magnum opus soars with a Bette Midler smash Gone with the Wind Beneath My Wings
16%
James Joyce's last novel goes back to school at a university in Winston-Salem Finnegans Wake Forest
11%
Luxury auto from the Ford Motor Company that also served as Washington's fighting force Lincoln Continental Army
11%
Original Hawaii Five-O actor who is Tolkien's follow-up to The Hobbit Jack Lord of the Rings
8%
A Little House actress & sister of Sara gets operatic merging with a 19th century show-writing duo Melissa Gilbert and Sullivan
7%
The cruise line whose ships include the Rotterdam manages to sail to purple mountain majesties Holland America the Beautiful
5%
Bob Woodward's Capital newspaper hitches up to an old type of fast horse-drawn carriage Washington Post-Chaise
1%
No matching quizzes found
Score Distribution
Percent of People with Each Score
Percentile by Number Answered
Your Score History
You have not taken this quiz